000 00849nac a22003130a 4500
001 PT59315
003 AR-LpoUNG
005 20210201005559.0
008 201001s2011||||sp |||||||||||||||||spa d
020 _a9788403097261
_c$8.02
040 _aAR-LpoUNG
_bspa
_eaacr
041 _aspa
044 _asp
082 0 _aR463 445v1
100 1 _aSeco, Manuel
245 1 0 _aDiccionario del español actual :
_bA - F
250 _a2da. ed.
260 _aMadrid :
_bSantillana,
_c2011.
300 _axxxiv, 2252 p. :
_bil., fot., gráfs., tbls.
_a(2
_fVolúmenes)
_3Impreso
490 0 _aDiccionario del español actual
650 4 _aDICCIONARIOS
650 4 _aLENGUA ESPAÑOLA
650 4 _aLEXICOGRAFIA
650 4 _aMATERIAL DE REFERENCIA
700 1 _aAndrés, Olimpia
700 1 _aRamos, Gabino
905 _a59315
942 _cLSALA
999 _c50359
_d50359